01278nam a2200241Ia 4500001000600000003000900006008004100015040001300056040001300069041001300082100001900095100002800114245006400142245006400206250001100270260001400281260001200295260004900307300005600356500056800412650002500980650003101005F1715IT-RoPAU130308s9999 xx 000 0 und d aIT-RoPAU cIT-RoPAU aITALIANO aLongo Giuseppe gCodice Aut. SPICS: 116 aNuovo Golem (Il). Come il computer cambia la nostra cultura bNuovo Golem (Il). Come Il Computer cambia la nostra Cultura a1a ed. aROMA/BARI bLaterza c1998 [1° Ed.:1998 - Ed.Ling.Originale:1998] a"144 p. (prefazione: 16; testo: 128 [pagine: 0-0])" aRivoluzione Informatica: Avvento dell'Informatica, Estroflessione Cognitiva, Evoluzione troppo Rapida, informatica e Lammarckismo, informatica ed Epistemologia. Mondo dell'Informazione: Teoria di Shannon e Suoi Limiti, Teoria Generale dell'Informazione, Qualche Cenno Storico, Scienza in Rete. informatica e Scienza: informatica e Matematica, informatica e Intelligenza Artificiale, Conoscenza biologica e Razionale, Traduzione Automatica. Societa',Senso e Storia: informatica e Scuola, Corpo e Realtà Virtuale, Narrazionee Il Se', Memoria, Oblio. Bibliografia. aSAGGI DI INFORMATICA eCodice materia Spics: 4207